| 000 | 00516nam a2200193 i 4500 | ||
|---|---|---|---|
| 001 | bg | ||
| 100 | 1 | _aCELLARY, Wojciech | |
| 245 | 0 |
_aSystem operacyjny CP/J dla mikrokomputera Elwro 800 Junior / _cW. Cellary, J. Rykowski. |
|
| 260 |
_aWarszawa, _c1988. |
||
| 490 | 1 | _aMikrokomputery | |
| 630 | 0 | 9 | _aCP/J, system operacyjny |
| 700 | 1 | _aRYKOWSKI, Jarogniew | |
| 830 | _aMikrokomputery | ||
| 040 | _cBPK | ||
| 041 | _apol | ||
| 080 | _a681.322.066 | ||
| 942 | _cKS | ||
| 008 | s pl f |000 0 pol | ||
| 999 |
_c3599 _d3599 |
||
| 856 |
_uhttp://koha.tu.koszalin.pl/cgi-bin/koha/opac-detail.pl?biblionumber=3599 _yKatalog online BPK |
||